| 000 | 00000nas 2200000za 4500 |
| 001 | 9.823297 |
| 003 | CaOODSP |
| 005 | 20221107143851 |
| 007 | cr ||||||||||| |
| 008 | 160826d19801983oncar p oss f0###a0eng|d |
| 022 | |y0828-1548 |
| 040 | |aCaOODSP|beng |
| 041 | |aeng|afre |
| 043 | |an-cn--- |
| 086 | 1 |aCS53-226-PDF |
| 245 | 00|aFuel Consumption Survey, annual report ..., Special Surveys Program |h[electronic resource] / |cStatistics Canada, Special Surveys Division, Special Surveys Methodology Subdivision and Regional Operations Branch = Enquête sur la consommation de carburant, rapport annuel ..., programme des enquêtes spéciales / Statistique Canada, Division des enquêtes spéciales, Sous-division de la méthodologie des enquêtes spéciales et Direction des opérations régionales. |
| 246 | 11|aEnquête sur la consommation de carburant, rapport annuel ..., programme des enquêtes spéciales |
| 260 | |aOttawa : |bStatistics Canada = Statistique Canada, |c1983-1987. |
| 310 | |aAnnual |
| 362 | 0 |aOct. 1979/Sept. 1980-Oct. 1981/Sept. 1982/Oct. 1982/Sept. 1983. |
| 500 | |aDigitized edition from print [produced by Statistics Canada]. |
| 520 | |a"The purpose of the survey is to establish a database concerning personal use of the passenger car in Canada, which would contain information on: total distance travelled; total amount of fuel consumed; average fuel consumed per unit of distance travelled; and seasonal fluctuations in fuel consumption and in distance travelled"--Introduction, 1980. |
| 546 | |aText in English and French. |
| 550 | |aIssued Oct. 1981/Sept. 1982/Oct. 1982/Sept. 1983 by Household Surveys Division. |
| 580 | |aContinued in part by: Fuel consumption survey, light trucks and vans. |
| 692 | 07|2gccst|aAutomobiles |
| 692 | 07|2gccst|aFuels |
| 710 | 1 |aCanada.|bStatistics Canada.|bSpecial Surveys Division. |
| 710 | 2 |aStatistics Canada.|bSpecial Surveys Methodology Sub-Division. |
| 710 | 2 |aStatistics Canada.|bRegional Operations. |
| 710 | 2 |aStatistics Canada.|bHousehold Surveys Division. |
| 785 | 00|tFuel Consumption Survey, light trucks and vans |w(CaOODSP)9.823285 |
| 785 | 00|tFuel consumption survey, passenger cars, annual reports |w(CaOODSP)9.823289 |
| 792 | |tFuel Consumption Survey, annual report ..., Special Surveys Program |efre|w(CaOODSP)9.823299 |